Normal view
MARC view
- Mohsin Ghaffar (328816)
Entry Personal Name
001 - CONTROL NUMBER
- control field: 119469
003 - CONTROL NUMBER IDENTIFIER
- control field: NUST
005 - DATE AND TIME OF LATEST TRANSACTION
- control field: 20231205124912.0
008 - FIXED-LENGTH DATA ELEMENTS
- fixed length control field: 231205|| aca||aabn | a|a d
040 ## - CATALOGING SOURCE
- Original cataloging agency: NUST
- Transcribing agency: NUST
100 ## - HEADING--PERSONAL NAME
- Personal name: Mohsin Ghaffar (328816)
670 ## - SOURCE DATA FOUND
- Source citation: Work cat.: (NUST): Mohsin Ghaffar (328816), Optimal Integration of Plug-in Electric Vehicles Considering Its Effects on Distribution Network /
